Propuesta de mejoramiento vial y funcional de la terminal de transporte terrestre de la ciudad de Nueva Guinea RACCS
Aborda una propuesta de mejoramiento vial y funcional de la terminal de transporte terrestre de la ciudad de Nueva Guinea, con el fin de crear condiciones de atención y servicios de los usuarios dentro de la terminal y verificar si existen las condiciones adecuadas para que los peatones, vehículo...
| Main Authors: | , |
|---|---|
| Other Authors: | |
| Format: | Tesis Section = Libro |
| Language: | Undetermined Spanish |
| Published: |
Juigalpa
UNI/RUACS
2018
|
| Subjects: |
| LEADER | 01314nam a2200289Ia 4500 | ||
|---|---|---|---|
| 008 | 240830s9999 xx 000 0 und d | ||
| 040 | |a BIBLIOTECA-RUPAP Mon 388.3122 T649 | ||
| 041 | |a spa | ||
| 082 | |a Mon 388.3122 T649 | ||
| 100 | 1 | |a Toledo Madriz, Elizangela Carmelina | |
| 100 | 1 | |b Barrera Fernández, Imara Segovia | |
| 245 | 1 | 0 | |a Propuesta de mejoramiento vial y funcional de la terminal de transporte terrestre de la ciudad de Nueva Guinea RACCS |
| 260 | |a Juigalpa |b UNI/RUACS |c 2018 | ||
| 300 | |a 95 p. :il. | ||
| 500 | |a Contiene: anexos y CD. | ||
| 502 | |a Tesis (Ingeniero Civil)- UNI, 2018. | ||
| 520 | 3 | |a Aborda una propuesta de mejoramiento vial y funcional de la terminal de transporte terrestre de la ciudad de Nueva Guinea, con el fin de crear condiciones de atención y servicios de los usuarios dentro de la terminal y verificar si existen las condiciones adecuadas para que los peatones, vehículos circulen con seguridad y eficiencia sin menospreciar el cuido del medio ambiente. | |
| 650 | 7 | |a CONTROL DE TRAFICO | |
| 650 | 7 | |b SEÑALES DE TRANSITO | |
| 650 | 7 | |c INVENTARIO VIAL | |
| 650 | 7 | |d SEGURIDAD VIAL | |
| 650 | 7 | |e ACCIDENTES DE TRANSITO | |
| 650 | 7 | |f SEÑALIZACION VIAL | |
| 700 | 1 | |a Tutor: |b Calvo Rojas, Lucas Bernardo | |
| 942 | |c BK |2 ddc | ||
| 991 | |a TESIS | ||
| 999 | |c 15606 | ||